[Event "Arnold Cup"]
[Site "Gausdal"]
[Date "1993.??.??"]
[Round "6"]
[White "Riemersma, Liafbern"]
[Black "Scholseth, Tor Kristian"]
[Result "1-0"]
[WhiteElo "2415"]
[BlackElo "2290"]

1.e4 c5 2.Nf3 d6 3.Bb5+ Bd7 4.Bxd7+ Nxd7 5.O-O Ngf6 6.Re1 e6 7.d4 cxd4 8.Nxd4 Be7
9.c4 O-O 10.Nc3 a6 11.b3 Rc8 12.Bb2 Qb6 13.Qd2 Rfd8 14.Rad1 Bf8 15.Kh1 Qc5
16.f3 Ne5 17.Rf1 Be7 18.Qe2 Qa5 19.Qe1 Qb6 20.f4 Nc6 21.Nc2 Qa5 22.Qg3 b5
23.Ne3 b4 24.Ncd5 exd5 25.exd5 Nh5 26.Qf3 Qxa2 27.dxc6 Qxb3 28.Rb1 Qd3 29.Qxh5 Qxe3
30.Rfe1 Qa7 31.f5 Bf8 32.Re4 Rxc6 33.Qg5 f6 34.Bxf6 Rd7 35.Bd4 Qb7 36.f6 g6
37.Re7 Bxe7 38.fxe7 Rxe7 39.Qf6 Re5 40.Rf1 Rc8 41.Bxe5 dxe5 42.Qe6+ Kg7 43.Qxe5+ Kg8
44.Qe6+ Kg7 45.Rd1 Rc7 46.Qe5+ Kg8 47.Rd8+ Kf7 48.Qf4+ Ke7 49.Qf8+ Ke6 50.Rd6+ Ke5
51.Qf6+ Ke4 52.Rd4+ Ke3 53.Qe5+  1-0

[Event "Gausdal Int"]
[Site "Gausdal"]
[Date "1993.??.??"]
[Round "9"]
[White "Westerinen, Heikki MJ"]
[Black "Ernst, Thomas"]
[Result "1/2-1/2"]
[WhiteElo "2385"]
[BlackElo "2480"]

1.e4 c5 2.Nf3 d6 3.Bb5+ Bd7 4.Bxd7+ Nxd7 5.O-O Ngf6 6.Re1 e6 7.d4 cxd4 8.Qxd4 Be7
9.c4 O-O 10.Nc3 a6 11.b3 Qc7 12.Bb2 Rfd8 13.h3 Rac8 14.Qe3 b6 15.Rad1 Bf8
16.Re2 Qb7 17.Nd4 Nc5 18.Kh1 d5 19.exd5 exd5 20.cxd5 Nxd5 21.Nxd5 Qxd5 22.Rdd2 h6
23.Qf3 Qxf3 24.Nxf3 Ne6 25.Rxd8 Rxd8 26.Rd2  1/2-1/2

[Event "BL9293 (Women)"]
[Site "Germany"]
[Date "1993.??.??"]
[Round "?"]
[White "Zahn, Nicol"]
[Black "Daemering, Katrin"]
[Result "1-0"]
[WhiteElo "2025"]
[BlackElo "2065"]

1.e4 c5 2.Nf3 d6 3.Bb5+ Bd7 4.Bxd7+ Qxd7 5.O-O Nc6 6.c3 Nf6 7.d4 cxd4 8.cxd4 Nxe4
9.d5 Nd8 10.Re1 Nf6 11.Bg5 h6 12.Bxf6 gxf6 13.Nd4 Rg8 14.Nc3 Bg7 15.Qd3 e5
16.Qh7 Kf8 17.Nf5 h5 18.Ne4 b6 19.Nxg7 Qg4 20.Nxf6 Qxg7 21.Qxg8+ Qxg8 22.Nxg8 Kxg8
23.Rac1 Nb7 24.b4 Kf8 25.Rc7 Rb8 26.f4 f6 27.fxe5 fxe5 28.Rf1+ Kg8 29.Rff7 Nd8
30.Rfd7  1-0

[Event "Bundesliga 9293"]
[Site "Germany"]
[Date "1993.??.??"]
[Round "?"]
[White "Bezold, Michael"]
[Black "Mudelsee, Manfred"]
[Result "1-0"]
[WhiteElo "2395"]
[BlackElo "2255"]

1.e4 c5 2.Nf3 d6 3.Bb5+ Nd7 4.O-O Nf6 5.Re1 a6 6.Bf1 Ne5 7.h3 Qc7 8.c3 Nxf3+
9.Qxf3 e5 10.d4 Be7 11.dxe5 dxe5 12.a4 b6 13.Na3 Bb7 14.Bg5 O-O 15.Bxf6 Bxf6
16.Nc4 Rad8 17.Ne3 Rd2 18.b3 Bg5 19.Bc4 Bxe3 20.Qxe3 Rd6 21.Rad1 Rfd8 22.Rxd6 Rxd6
23.f4 exf4 24.Qxf4 Rd7 25.Qxc7 Rxc7 26.Rd1 Kf8 27.Rd6 b5 28.axb5 axb5 29.Bxb5 Ke7
30.e5 f6 31.Bc4 Bc8 32.Rd5 Be6 33.exf6+ gxf6 34.Rh5 Bxc4 35.bxc4 Ke6 36.g4 Rd7
37.Rxc5 Rd3 38.Rh5 Rxc3 39.c5 Rc2 40.Kf1 Rc3 41.Ke2 f5 42.g5 Rxc5 43.Rxh7 Rc3
44.h4 Rg3 45.Rh6+ Ke5 46.g6 Kf4 47.h5 Rg2+ 48.Kf1 Kf3 49.Rh7 Rh2 50.Ke1 f4
51.Kd1 Rg2 52.Re7 Rg1+ 53.Kd2 Rg2+ 54.Kd3 Rg5 55.g7  1-0

[Event "Bundesliga 9293"]
[Site "Germany"]
[Date "1993.??.??"]
[Round "?"]
[White "Chekhov, Valery A"]
[Black "Ftacnik, Lubomir"]
[Result "1/2-1/2"]
[WhiteElo "2535"]
[BlackElo "2535"]

1.e4 c5 2.Nf3 d6 3.Bb5+ Bd7 4.Bxd7+ Nxd7 5.O-O Ngf6 6.Qe2 e6 7.c3 Be7 8.d4 cxd4
9.cxd4 d5 10.e5 Ne4 11.Ne1 Qb6 12.Be3 f6 13.f3 Ng5 14.Nd3 Nf7 15.Nc3 O-O
16.Rfe1 fxe5 17.dxe5 Qa6 18.Nf4 Qxe2 19.Rxe2 Nd8 20.Nb5 Bc5 21.Nd3 Bxe3+
22.Rxe3 Rc8 23.Nxa7 Rc2 24.Nb5 Nc6 25.Rd1 Rc4 26.Rd2 Nc5 27.Nxc5 Rxc5 28.a4 Rf4
29.b3 Rb4 30.Kf2 Kf8 31.Kg3 g5 32.Red3 Ke7 33.Nd4 Nxe5 34.Re3 Kf6 35.h4 h6
36.hxg5+  1/2-1/2

[Event "Oberliga Nord O9293"]
[Site "Germany"]
[Date "1993.??.??"]
[Round "?"]
[White "Volkmer, Andreas"]
[Black "Krueger, Rainer"]
[Result "1/2-1/2"]
[WhiteElo "2265"]
[BlackElo "2255"]

1.e4 c5 2.Nf3 d6 3.Bb5+ Bd7 4.Bxd7+ Qxd7 5.O-O Nc6 6.c3 Nf6 7.d4 cxd4 8.cxd4 d5
9.e5 Ne4 10.Ne1 h6 11.Be3 e6 12.Qh5 g6 13.Qe2 Be7 14.f3 Ng5 15.Nc3 f5 16.exf6 Bxf6
17.Qd3 Qg7 18.f4 Nf7 19.Nf3 O-O 20.Rac1 Nd6 21.Ne5 Nf5 22.Rce1 Nxe3 23.Qxe3 Nxe5
24.fxe5 Bg5 25.Qh3 Rf5 26.Nb5  1/2-1/2

[Event "Oberliga Nord O9293"]
[Site "Germany"]
[Date "1993.??.??"]
[Round "?"]
[White "Schramm, Christian"]
[Black "Berndt, Stephan"]
[Result "0-1"]
[WhiteElo "2245"]
[BlackElo "2300"]

1.e4 c5 2.Nf3 d6 3.Bb5+ Nd7 4.c3 Nf6 5.Qe2 a6 6.Ba4 e5 7.d4 b5 8.Bc2 Bb7
9.Nbd2 Qc7 10.d5 c4 11.Nf1 g6 12.h4 Bg7 13.h5 Nxh5 14.Rxh5 gxh5 15.Nh4 O-O-O
16.Nf5 Bf6 17.Qxh5 Rdg8 18.g4 Nc5 19.Qxf7 Rg6 20.Be3 Kb8 21.Qxc7+ Kxc7 22.Bxc5 dxc5
23.Bd1 Bc8 24.N1g3 Bg5 25.Be2 Bf4 26.Ne7 Bxg3 27.Nxg6 hxg6 28.fxg3 Bxg4 29.Rd1 Bxe2
30.Kxe2 Rh2+ 31.Kf3 Rxb2 32.Rc1 Rxa2 33.Kg4 a5 34.Kg5 b4 35.cxb4 axb4 36.Kxg6 b3
37.Rxc4 b2 38.Rxc5+ Kb6 39.Rc6+ Kb7  0-1

[Event "GER-ch (Women)"]
[Site "Germany"]
[Date "1993.??.??"]
[Round "?"]
[White "Wolter, Kai"]
[Black "Ulms, Sandra"]
[Result "0-1"]
[WhiteElo "2250"]
[BlackElo "2280"]

1.e4 c5 2.Nf3 d6 3.Bb5+ Bd7 4.Bxd7+ Qxd7 5.O-O Nc6 6.c3 Nf6 7.Re1 O-O-O 8.d4 cxd4
9.cxd4 d5 10.e5 Ne4 11.Ng5 Nxg5 12.Bxg5 h6 13.Be3 g5 14.Nd2 f5 15.Nb3 e6
16.Rc1 Kb8 17.a3 Qf7 18.f4 gxf4 19.Bxf4 Rg8 20.Re3 Rg4 21.Qf1 Be7 22.Rg3 Rxg3
23.Bxg3 Rg8 24.Bf4 Qg6 25.Rc3 Bg5 26.Rg3 Qf7 27.Bxg5 hxg5 28.Rh3 Qc7 29.Rh6 Qb6
30.Qd3 Nxe5 31.Qe3 Ng4  0-1

[Event "NRW-Liga I 9293"]
[Site "Germany"]
[Date "1993.??.??"]
[Round "?"]
[White "Fette, Martin"]
[Black "Moiseev, Viktor"]
[Result "1/2-1/2"]
[WhiteElo "2385"]
[BlackElo "2455"]

1.e4 c5 2.Nf3 d6 3.Bb5+ Bd7 4.Bxd7+ Qxd7 5.O-O e6 6.c3 Nf6 7.Qe2 Nc6 8.d4 cxd4
9.cxd4 d5 10.e5 Ne4 11.Be3 Be7 12.Ne1 f6 13.f3 Ng5 14.Nd3 fxe5 15.dxe5 O-O
16.Nd2 Rac8 17.Rac1 b6 18.Kh1 Kh8 19.Nb3 Nf7 20.Bg1 Qb7 21.Rc2 Rc7 22.Rfc1 Rfc8
23.Rc3 Ncd8 24.Rxc7 Rxc7 25.Rxc7 Qxc7 26.Nd4 Qc4 27.b3 Qc7 28.h3  1/2-1/2

[Event "NRW-Liga II 9293"]
[Site "Germany"]
[Date "1993.??.??"]
[Round "?"]
[White "Schoenthier, Frank"]
[Black "Dautov, Rustem"]
[Result "1/2-1/2"]
[WhiteElo "2355"]
[BlackElo "2625"]

1.e4 c5 2.Nf3 d6 3.Bb5+ Bd7 4.Bxd7+ Qxd7 5.O-O Nf6 6.e5 dxe5 7.Nxe5 Qd6 8.Nc4 Qd8
9.Nc3 e6 10.d3 Be7 11.Bf4 Nc6 12.Re1 O-O 13.a4 Nd5 14.Bg3 Nb6 15.Ne5 Rc8
16.Nxc6 Rxc6 17.Qf3 Qd7 18.a5 Nc8 19.Be5 Bd6 20.h3 Bxe5 21.Rxe5 Ne7 22.a6 bxa6
23.Ra4 Rb8 24.b3 Rb4 25.Re4 Nf5 26.Rc4 Nd4 27.Qd1 e5 28.Ne4 Rxa4 29.bxa4 Qc8
30.c3 Ne6 31.Qf3 Qc7 32.g3 Qd7 33.Kg2 Rc8 34.h4 Qe7 35.Qf5 f6 36.h5 Rf8 37.Kh2 Qd7
38.h6 Qe7 39.hxg7 Kxg7 40.Kg1 Kh8  1/2-1/2

[Event "Bundesliga 9293"]
[Site "Germany"]
[Date "1993.??.??"]
[Round "?"]
[White "Kraut, Rainer"]
[Black "Heissler, Jakob"]
[Result "1/2-1/2"]
[WhiteElo "2425"]
[BlackElo "2410"]

1.e4 c5 2.Nf3 d6 3.Bb5+ Bd7 4.Bxd7+ Nxd7 5.O-O Ngf6 6.Qe2 e6 7.d4 cxd4 8.Nxd4 Be7
9.c4 a6 10.b3 O-O 11.Nc3 Qc7 12.Bb2 Rfe8 13.Rac1 Bf8 14.Rfd1 Rad8 15.Nc2 Qb8
16.Ne3 g6 17.Rc2 Ne5 18.a4 Qc7 19.f4 Ned7 20.b4 Qb6 21.Ba3 Bg7 22.Kh1 Nh5
23.Qf3 Qc7 24.Ne2 Nb6 25.a5 Nc8 26.g4 Nf6 27.g5 Nd7 28.Bb2 Bxb2 29.Rxb2 f5
30.Nd4 Nf8 31.exf5 gxf5 32.h4 Ne7 33.h5 Nc6 34.Nxc6 bxc6 35.Rg1 Rd7 36.g6 h6
37.Rbg2 Rg7 38.Qd1 Qe7 39.Rh2 Rb8 40.Qd2 Qb7 41.Qxd6 c5+ 42.Rhg2 cxb4 43.c5 Rc8
44.Nc4 Rd7 45.Qb6 Qf3 46.Ne5 Qxf4 47.Nxd7 Qh4+ 48.Rh2 Qe4+ 49.Rhg2 Qh4+  1/2-1/2

[Event "Bundesliga 9293"]
[Site "Germany"]
[Date "1993.??.??"]
[Round "?"]
[White "Vonthron, Horst"]
[Black "Brueggemann, Joachim"]
[Result "0-1"]
[WhiteElo "2370"]
[BlackElo "2330"]

1.e4 c5 2.Nf3 d6 3.Bb5+ Bd7 4.Bxd7+ Nxd7 5.d4 cxd4 6.Qxd4 Ngf6 7.c4 e6 8.Nc3 Be7
9.O-O O-O 10.Bg5 a6 11.Rfd1 Qc7 12.Rac1 Ne5 13.Nxe5 dxe5 14.Qd3 Rfd8 15.Qe2 Rd4
16.b3 Ba3 17.Rc2 Bb4 18.Bxf6 gxf6 19.Rd3 Rxd3 20.Qxd3 Rd8 21.Qf3 Qd6 22.h3 Kg7
23.Rc1 Bxc3 24.Qg3+ Kf8 25.Rxc3 Qd2 26.c5 Qe1+ 27.Kh2 Qxe4 28.Rf3 Ke7 29.Qg7 Qg6
30.Rg3 Qxg7 31.Rxg7 Rd2 32.Rg8 Rxf2 33.Rb8 Kd7 34.b4 e4 35.Rxb7+ Kc8 36.Rxf7 e3
37.Rf8+ Kc7 38.Rf7+ Kd8 39.a4 e2 40.b5 axb5 41.axb5 e1=Q 42.b6 Qe5+  0-1

[Event "BL2-W9293"]
[Site "Germany"]
[Date "1993.??.??"]
[Round "?"]
[White "Buscher, Michael"]
[Black "Hermesmann, Hans"]
[Result "1-0"]
[WhiteElo "2275"]
[BlackElo "2295"]

1.e4 c5 2.Nf3 d6 3.Bb5+ Nc6 4.O-O Bg4 5.h3 Bh5 6.Re1 e6 7.Bxc6+ bxc6 8.Nc3 Be7
9.e5 d5 10.d3 Rb8 11.b3 Qa5 12.Bd2 Qa6 13.Qe2 Nh6 14.Na4 O-O 15.g4 Bg6 16.Be3 d4
17.Bc1 Kh8 18.Nd2 Rbd8 19.Ba3 Rd5 20.f4 Ng8 21.Qf3 h6 22.Ne4 Qa5 23.Re2 f6
24.exf6 Nxf6 25.Nd2 Nh7 26.Rf1 Qc7 27.Nc4 Be8 28.Qg3 Rf6 29.Re5 Nf8 30.Bxc5 Rxc5
31.Nxc5 Ng6 32.Nxe6 Qc8 33.Re4 Rxe6 34.Rxe6 Qxe6 35.f5 Qc8 36.fxg6 Bxg6 37.Qe5 Qd8
38.Qe6 Bf6 39.Ne5 Be8 40.Re1 Qb8 41.Kg2 Bh4 42.Rf1 Bf6 43.Rxf6 gxf6 44.Qxf6+ Kh7
45.Qe7+ Kg8 46.g5 hxg5 47.Ng4 Bg6 48.Qxg5  1-0

[Event "Oberliga Nord O9293"]
[Site "Germany"]
[Date "1993.??.??"]
[Round "?"]
[White "Fleischer, Peter"]
[Black "Berndt, Stephan"]
[Result "0-1"]
[WhiteElo "2225"]
[BlackElo "2300"]

1.e4 c5 2.Nf3 d6 3.Bb5+ Nd7 4.O-O Nf6 5.Re1 a6 6.Bxd7+ Bxd7 7.e5 dxe5 8.Nxe5 e6
9.b3 Be7 10.Bb2 O-O 11.d3 Rc8 12.Nd2 Bc6 13.Nxc6 Rxc6 14.Qf3 Nd5 15.Nc4 Bf6
16.Ne5 Bxe5 17.Rxe5 f6 18.Re4 e5 19.Rf1 Qd7 20.g3 Re8 21.a3 b5 22.Qe2 Rce6
23.Re1 Nc7 24.a4 Qc6 25.axb5 axb5 26.Qh5 Qd7 27.Rh4 g6 28.Qh6 Ra6 29.Rhe4 Ra2
30.Qc1 Ne6 31.f4 exf4 32.Bxf6 Raa8 33.gxf4 Ng7 34.Qe3 Rxe4 35.Qxe4 Re8 36.Be5 Nh5
37.Ra1 Nf6 38.Qe1 Ng4 39.Ra5 Nxe5 40.fxe5 Qg4+ 41.Kh1 Qf3+ 42.Kg1 Qg4+ 43.Kh1 Qf3+
44.Kg1 Rf8 45.e6 Rf4 46.h3 Rf5 47.h4 Rf4  0-1

[Event "BL2-O9293"]
[Site "Germany"]
[Date "1993.??.??"]
[Round "?"]
[White "Pfretzschner, Roland"]
[Black "Kestler, Hans Guenther"]
[Result "0-1"]
[WhiteElo "2265"]
[BlackElo "2345"]

1.e4 c5 2.Nf3 d6 3.Bb5+ Bd7 4.Bxd7+ Qxd7 5.O-O Nc6 6.c3 Nf6 7.d4 cxd4 8.cxd4 d5
9.e5 Ne4 10.Ne1 h6 11.Be3 e6 12.f3 Ng5 13.Nc3 Be7 14.f4 Ne4 15.Qg4 g6 16.Nd3 h5
17.Qe2 Nxc3 18.bxc3 Na5 19.Rac1 Rc8 20.g4 hxg4 21.Nf2 Nc4 22.Nxg4 Kd8 23.Nf6 Bxf6
24.exf6 Rc6 25.Rf3 Kc8 26.f5 exf5 27.Bg5 Re6 28.Qg2 Rhe8 29.h3 Re4 30.Bf4 Qe6
31.Bh2 Re1+ 32.Rxe1 Qxe1+ 33.Rf1 Qe3+ 34.Kh1 Qe4 35.Qxe4 Rxe4 36.Bf4 Kd7
37.Kh2 Ke6 38.Bg5 Re2+ 39.Kg3 Nd6 40.h4 Ne4+ 41.Kf3 Rc2 42.Kf4 Rxc3 43.h5 Nxg5
44.Kxg5 Rg3+ 45.Kf4 Rg4+ 46.Ke3 gxh5  0-1

[Event "Oberliga Nord N9293"]
[Site "Germany"]
[Date "1993.??.??"]
[Round "?"]
[White "Rostalski, Walter"]
[Black "Pachow, Joerg"]
[Result "1/2-1/2"]
[WhiteElo "2270"]
[BlackElo "2300"]

1.e4 c5 2.Nf3 d6 3.Bb5+ Nd7 4.c3 Nf6 5.Qe2 a6 6.Ba4 e5 7.O-O Be7 8.d4 O-O
9.Rd1 Qc7 10.dxe5 dxe5 11.Bg5 b5 12.Bc2 h6 13.Bh4 Bb7 14.Nbd2 Rfe8 15.Nf1 Bc6
16.Ne3 g6 17.Nd5 Bxd5 18.exd5 Bd6 19.Nd2 e4 20.Nf1 Nh5 21.Bg3 Nxg3 22.hxg3 h5
23.a4 Rab8 24.axb5 axb5 25.Ra6 Nf6 26.c4 b4 27.Rc6 Qe7 28.Ba4 Kg7 29.Rxd6 Qxd6
30.Bxe8 Rxe8 31.Ra1 Nd7 32.Ra7 Re7 33.Qe3 f5 34.Nd2 Ne5 35.Rxe7+ Qxe7 36.f3 exf3
37.gxf3 Kf6 38.Kg2 Nd7 39.Qxe7+ Kxe7 40.f4 Nf6 41.Kf3 Kd6 42.Ke2 Ke7 43.Kd3 Kd6
44.Nf3 Ne4 45.Nh4 Nxg3 46.Nxg6 Kd7 47.Ke3 Ne4 48.Nh4 Nd6 49.b3 Kc7 50.Ng6 Ne4
51.Nh4 Nd6 52.Nf3 Ne4 53.Nd2 Nf6 54.Kf2 h4 55.Nf3 h3 56.Kg3 Nh5+ 57.Kxh3 Nxf4+
58.Kh4 Nxd5 59.cxd5 Kd6 60.Kg5 Kxd5 61.Nd2 Kd4 62.Nc4 Kc3 63.Na5 c4 64.bxc4 b3
65.Nxb3 Kxc4 66.Kxf5  1/2-1/2

[Event "BL2-W9293"]
[Site "Germany"]
[Date "1993.??.??"]
[Round "?"]
[White "Engel, Berthold"]
[Black "Ostermeyer, Peter"]
[Result "1/2-1/2"]
[WhiteElo "2300"]
[BlackElo "2405"]

1.e4 c5 2.Nf3 d6 3.Bb5+ Bd7 4.Bxd7+ Qxd7 5.O-O Nc6 6.d3 g6 7.Nc3 Bg7 8.Be3 Nf6
9.h3 O-O 10.e5 dxe5 11.Bxc5 Nd5 12.Nxd5 Qxd5 13.Be3 Rac8 14.c4 Qd7 15.Qe2 Rfd8
16.Rfd1 h6 17.Rab1 Qf5 18.b3 Rd7 19.Rd2 Rcd8 20.Rbd1 b6 21.Ne1 Qe6 22.Nc2 Qd6
23.a3 e6 24.b4 Nd4 25.Bxd4 exd4 26.Ne1 Qc6 27.Ra2 e5 28.Nf3 Re7 29.Nd2 f5
30.f3 h5 31.b5 Qd6 32.a4 Bh6 33.Nf1 Rde8 34.a5 e4 35.axb6 axb6 36.fxe4 fxe4
37.dxe4 Rxe4 38.Qd3 Be3+ 39.Kh1 Qf4 40.Re2 Rf8 41.Nd2 Re6 42.Nf3 h4 43.Ree1 Qg3
44.Nxd4 Rf2 45.Rg1 Ref6 46.Nc6 Kg7 47.Qd7+ Rf7 48.Qg4 Rc2 49.Qxg3 hxg3 50.Rge1 Bc5
51.Nd8 Rff2 52.Ne6+ Kf6 53.Nxc5 bxc5 54.Rc1 Rxg2 55.Rxc2 Rxc2 56.Rb1 Rh2+
57.Kg1 Rxh3 58.Kg2 Rh8 59.Kxg3 Ke6 60.Rd1 Rh5 61.Rd8 Rf5 62.Rg8 Ke5 63.Rxg6 Kd4
64.Rg4+ Kd3 65.Rf4 Re5  1/2-1/2

[Event "Gladsaxe"]
[Site "Gladsaxe"]
[Date "1993.??.??"]
[Round "1"]
[White "Pedersen, Henrik B"]
[Black "Jakobsen, Ole"]
[Result "0-1"]
[WhiteElo "2245"]
[BlackElo "2365"]

1.e4 c5 2.Nf3 d6 3.Bb5+ Bd7 4.Bxd7+ Qxd7 5.O-O Nc6 6.c3 Nf6 7.d4 Nxe4 8.d5 Nb8
9.Re1 Nf6 10.Bg5 Na6 11.c4 h6 12.Bd2 g6 13.Bc3 Bg7 14.Qe2 Kf8 15.Nbd2 Re8
16.a3 Kg8 17.Qd3 Nc7 18.Ne4 Kh7 19.Rad1 Rhf8 20.Ng3 Qa4 21.Nd2 b5 22.b3 Qa6
23.Qf3 bxc4 24.bxc4 e5 25.dxe6 fxe6 26.Qd3 Ncd5 27.Ba1 Nf4 28.Qe3 Ng4 29.Qe4 d5
30.cxd5 Nxf2 31.Qc2 Nxd1 32.Rxd1 Bxa1 33.Rxa1 Ne2+  0-1

[Event "Gladsaxe"]
[Site "Gladsaxe"]
[Date "1993.??.??"]
[Round "5"]
[White "Bjerring, Kai"]
[Black "Jakobsen, Ole"]
[Result "1/2-1/2"]
[WhiteElo "2360"]
[BlackElo "2365"]

1.e4 c5 2.Nf3 d6 3.Bb5+ Bd7 4.Bxd7+ Qxd7 5.O-O Nc6 6.b3 Nf6 7.Re1 e6 8.Bb2 Be7
9.c4 e5 10.Nc3 O-O 11.Nd5 Nxd5 12.cxd5 Nb4 13.Qb1 f5 14.a3 fxe4 15.Nxe5 dxe5
16.axb4 Qxd5 17.Qxe4 Qxd2 18.Qc4+ Rf7 19.Bxe5 Qxb4 20.Qe6 Qh4 21.g3 Qh5 22.Rad1 Qg6
23.Qd5 Bf8 24.Bf4 a5 25.Re6 Qf5 26.Re5 Qc8 27.Qc4 b5 28.Qe2 Qb7 29.Re8 Rxe8
30.Qxe8 Re7 31.Qd8 Qf3 32.Ra1 Re2 33.Be3 Rxe3 34.fxe3 Qxe3+ 35.Kg2 Qe2+  1/2-1/2

[Event "Gladsaxe"]
[Site "Gladsaxe"]
[Date "1993.??.??"]
[Round "8"]
[White "Hald, Jens Erik Kofoed"]
[Black "Fuglsang, Flemming"]
[Result "0-1"]
[WhiteElo "2230"]
[BlackElo "2260"]

1.e4 c5 2.Nf3 d6 3.Bb5+ Bd7 4.Bxd7+ Nxd7 5.O-O Ngf6 6.Re1 g6 7.c3 Bg7 8.d4 O-O
9.h3 cxd4 10.cxd4 d5 11.e5 Ne4 12.Nc3 Nxc3 13.bxc3 e6 14.Rb1 Qc8 15.Qb3 Nb6
16.a4 Qc6 17.a5 Nc4 18.Qxb7 Qxb7 19.Rxb7 Nxa5 20.Rb5 Nc4 21.Bg5 Rfb8 22.Rxb8+ Rxb8
23.Ra1 h6 24.Be7 a5 25.Kf1 Bf8 26.Bxf8 Kxf8 27.Ra2 Rb3 28.Ke2 Rxc3 29.Nd2 Na3
30.Ra1 Kg7 31.Nf3 Nc4 32.Ra2 g5 33.Nd2 Na3 34.f3 h5 35.g4 h4 36.Rb2 Rc2 37.Rxc2 Nxc2
38.Kd1  0-1

[Event "Groningen PCA"]
[Site "Groningen"]
[Date "1993.??.??"]
[Round "2"]
[White "Nijboer, Friso"]
[Black "Polugaevsky, Lev"]
[Result "1/2-1/2"]
[WhiteElo "2555"]
[BlackElo "2605"]

1.e4 c5 2.Nf3 d6 3.Bb5+ Bd7 4.Bxd7+ Nxd7 5.O-O Ngf6 6.Qe2 e6 7.c3 Be7 8.d4 cxd4
9.cxd4 O-O 10.Nc3 Nb6 11.b3 Rc8 12.Bb2 a6 13.Ne1 d5 14.e5 Nfd7 15.Nd3 Nb8
16.f4 Nc6 17.Qe3 Qd7 18.Ne2 Nb4 19.Nxb4 Bxb4 20.Rac1 Rxc1 21.Nxc1 Rc8 22.Nd3 Bf8
23.Rc1 Rc6 24.Kf2  1/2-1/2

[Event "Groningen op"]
[Site "Groningen"]
[Date "1993.??.??"]
[Round "11"]
[White "Nevednichy, Vladislav"]
[Black "Michelakis, George"]
[Result "1-0"]
[WhiteElo "2535"]
[BlackElo "2355"]

1.e4 c5 2.Nf3 d6 3.Bb5+ Bd7 4.Bxd7+ Qxd7 5.c4 Nc6 6.Nc3 g6 7.d4 cxd4 8.Nxd4 Bg7
9.Nde2 Nf6 10.O-O O-O 11.f3 Rfd8 12.Bg5 Nh5 13.Qd2 f5 14.Rad1 Qe6 15.exf5 gxf5
16.Nd5 Qf7 17.b3 Kh8 18.Kh1 Rg8 19.g4 fxg4 20.fxg4 Qe6 21.Rg1 Raf8 22.gxh5 Rf2
23.Nef4 Qe4+ 24.Rg2 Nd4 25.Rg1 Be5 26.Qd3 Qxd3 27.Bf6+ Rg7 28.Bxg7+ Bxg7
29.Nxd3  1-0

[Event "Gyula"]
[Site "Gyula"]
[Date "1993.??.??"]
[Round "10"]
[White "Emodi, Gyula"]
[Black "Almasi, Istvan"]
[Result "1/2-1/2"]
[WhiteElo "2345"]
[BlackElo "2400"]

1.e4 c5 2.Nf3 d6 3.Bb5+ Bd7 4.Bxd7+ Qxd7 5.O-O Nc6 6.d4 cxd4 7.Nxd4 Nf6 8.Nc3 g6
9.Nd5 Bg7 10.Nxf6+ Bxf6 11.c3 O-O 12.Bh6 Rfd8 13.f4  1/2-1/2

[Event "Hallsberg opJ"]
[Site "Hallsberg"]
[Date "1993.??.??"]
[Round "?"]
[White "Dworakowski, Lukasz"]
[Black "Eriksson, Johan"]
[Result "1/2-1/2"]
[WhiteElo "2260"]
[BlackElo "2200"]

1.e4 c5 2.Nf3 d6 3.Bb5+ Bd7 4.Bxd7+ Nxd7 5.c4 Ngf6 6.Nc3 e6 7.O-O Be7 8.d4 cxd4
9.Nxd4 a6 10.b3 O-O 11.Bb2 Qc7 12.Kh1 b6 13.Qe2 Rac8 14.f4 Rfe8 15.Rae1 Nc5
16.f5 Bf8 17.fxe6 fxe6 18.Nf3 Rcd8 19.e5 dxe5 20.Nxe5 Bd6 21.b4 Bxe5 22.bxc5 Bd4
23.cxb6 Qxb6 24.Nd1 Qa5 25.Bxd4 Rxd4 26.Ne3 Qd2 27.Qf3 Re4 28.Re2 Qd3 29.h3 h6
30.Qf2 Kh7 31.Rd1 Qc3 32.Qe1 Qxe1+ 33.Rdxe1 Rc8 34.Ng4 Rxe2 35.Nxf6+ gxf6
36.Rxe2 e5 37.Rc2 Kg6 38.g4 f5 39.Kg2 Rc5 40.Kf3 h5 41.gxf5+ Kxf5 42.Ke3 h4
43.a4  1/2-1/2

[Event "Hallsberg opJ"]
[Site "Hallsberg"]
[Date "1993.??.??"]
[Round "?"]
[White "Barkhagen, Jonas"]
[Black "Hedman, Erik"]
[Result "1-0"]
[WhiteElo "2410"]
[BlackElo "2225"]

1.e4 c5 2.Nf3 d6 3.Bb5+ Nd7 4.O-O Nf6 5.Re1 a6 6.Bf1 e5 7.c3 Be7 8.d4 O-O
9.a4 b6 10.Nbd2 Re8 11.Bc4 Bf8 12.Qb3 Re7 13.dxe5 dxe5 14.Nf1 Qc7 15.Bg5 Bb7
16.Rad1 g6 17.Rxd7 Nxd7 18.Bxe7 Bxe7 19.Bxf7+ Kg7 20.Bd5 Bf6 21.Ne3 Re8 22.Rd1 Re7
23.Bxb7 Qxb7 24.Qd5 Qxd5 25.Rxd5  1-0

[Event "Wichern op"]
[Site "Hamburg"]
[Date "1993.??.??"]
[Round "4"]
[White "Slobodjan, Roman"]
[Black "Sher, Miron N"]
[Result "1-0"]
[WhiteElo "2435"]
[BlackElo "2535"]

1.e4 c5 2.Nf3 d6 3.Bb5+ Nc6 4.O-O Bd7 5.d4 cxd4 6.Nxd4 Nf6 7.Nc3 e6 8.Be3 Be7
9.f4 O-O 10.Qf3 Qc7 11.Bd3 a6 12.Qg3 b5 13.a3 Kh8 14.Kh1 Rab8 15.Nxc6 Bxc6
16.Bd4 Rbd8 17.Rae1 h6 18.e5 dxe5 19.Bxe5 Qb7 20.f5 exf5 21.Rxf5 Ne8 22.Rh5 f6
23.Bf4 Rxd3 24.cxd3 Kh7 25.d4 Qd7 26.d5 Bb7 27.Bxh6 gxh6 28.Qh3  1-0

[Event "Wichern op"]
[Site "Hamburg"]
[Date "1993.??.??"]
[Round "7"]
[White "Slobodjan, Roman"]
[Black "Buenermann, Volker"]
[Result "1-0"]
[WhiteElo "2435"]
[BlackElo "2240"]

1.e4 c5 2.Nf3 d6 3.Bb5+ Bd7 4.Bxd7+ Nxd7 5.c4 Ngf6 6.Nc3 Ne5 7.O-O e6 8.Qe2 Be7
9.Rd1 a6 10.b3 Qa5 11.Bb2 O-O 12.Kh1 Rfd8 13.h3 Rac8 14.d3 Nfd7 15.Nh2 Nc6
16.Qd2 Bf8 17.Qf4 Nd4 18.Nf3 Nxf3 19.Qxf3 Ne5 20.Qg3 Nc6 21.Ne2 g6 22.Bf6 Be7
23.Bc3 Qb6 24.d4 cxd4 25.Nxd4 Nxd4 26.Bxd4 Qc6 27.Qe3 Bf8 28.Bf6 Rd7 29.Qd4 Rdc7
30.a4 Qc5 31.Qb2 Qh5 32.Bd4 d5 33.Be5 Rd7 34.exd5 exd5 35.Rxd5 Rxd5 36.cxd5 Qf5
37.d6 f6 38.Bg3 Kf7 39.Rd1 Rd8 40.Qd4  1-0

[Event "Wichern op"]
[Site "Hamburg"]
[Date "1993.??.??"]
[Round "8"]
[White "Heilemann, Manfred"]
[Black "Mowsziszian, Karen"]
[Result "0-1"]
[WhiteElo "2285"]
[BlackElo "2480"]

1.e4 c5 2.Nf3 d6 3.Bb5+ Bd7 4.Bxd7+ Nxd7 5.O-O Ngf6 6.Qe2 e6 7.c3 Be7 8.d4 O-O
9.Re1 Rc8 10.Bg5 cxd4 11.cxd4 d5 12.Nc3 Nxe4 13.Nxe4 dxe4 14.Bxe7 exf3 15.Bxd8 fxe2
16.Ba5 Rc2 17.Bc3 Nf6 18.Rac1 Rxc1 19.Rxc1 Rc8 20.f3 Nd5 21.Kf2 Nf4 22.Rb1 e1=Q+
23.Kxe1 Nxg2+ 24.Kd2 g6 25.a4 Nf4 26.a5 Nd5 27.Kd3 Kg7 28.Bd2 Kf6 29.Rg1 Rc6  0-1

[Event "Hastings op9394"]
[Site "Hastings"]
[Date "1993.??.??"]
[Round "?"]
[White "Clarke, Stuart"]
[Black "Gallagher, Joseph G"]
[Result "0-1"]
[WhiteElo "2300"]
[BlackElo "2500"]

1.e4 c5 2.Nf3 d6 3.Bb5+ Nd7 4.d4 Nf6 5.Nc3 a6 6.Bxd7+ Nxd7 7.Be3 cxd4 8.Qxd4 e6
9.O-O Qc7 10.Rfd1 Ne5 11.Nxe5 dxe5 12.Qb6 Qxb6 13.Bxb6 Bd7 14.Rd3 Bc6 15.Rad1 Be7
16.Bc7 f6 17.Bd6 Rd8 18.Bxe7 Rxd3 19.Rxd3 Kxe7 20.f3 g5 21.Kf2 b5 22.Nd1 f5
23.exf5 exf5 24.Ne3 Ke6 25.Rd2 h5 26.c3 g4 27.Nc2 a5 28.f4 Be4 29.fxe5 Kxe5
30.Na3 Rb8 31.Nc2 h4 32.Ne1 f4 33.Nd3+ Kf5 34.Nc5 g3+ 35.hxg3 hxg3+ 36.Kg1 Bc6
37.Nb3 Kg4 38.Nd4 Bd5 39.a3 Bc4 40.b3 Re8 41.Rd1 Bd5 42.Rc1 a4 43.bxa4 bxa4
44.Nc2 Re2 45.Ne1 Bxg2 46.Nxg2 f3 47.Ne1 Rxe1+ 48.Rxe1 f2+  0-1

[Event "Hastings9394"]
[Site "Hastings"]
[Date "1993.??.??"]
[Round "5"]
[White "Barua, Dibyendu"]
[Black "Sadler, Matthew"]
[Result "0-1"]
[WhiteElo "2510"]
[BlackElo "2535"]

1.e4 c5 2.Nf3 d6 3.Bb5+ Bd7 4.Bxd7+ Qxd7 5.O-O Nc6 6.c3 Nf6 7.Qe2 e6 8.Rd1 Be7
9.d4 cxd4 10.cxd4 d5 11.e5 Ne4 12.Ne1 f6 13.f3 Ng5 14.Be3 Nf7 15.f4 O-O 16.Nc3 Rac8
17.Bf2 Nh6 18.Rd3 fxe5 19.fxe5 Nf5 20.Rad1 Qe8 21.g4 Nh4 22.Rh3 Ng6 23.Ng2 Nf4
24.Nxf4 Rxf4 25.Be3 Rf8 26.Qd3 Qg6 27.Qxg6 hxg6 28.Ne2 g5 29.Rc1 Nb4 30.Rxc8 Rxc8
31.Nc3 Rc4 32.Bf2 Bd8 33.a3 Nc2 34.Rd3 a6 35.Ne2 b5 36.Kg2 Kf7 37.Rf3+ Kg8
38.Rd3 Bb6 39.h4 gxh4 40.g5 Kh7 41.Kh3 b4 42.a4 b3 43.a5 Bxa5 44.Nf4 Be1
45.Bg1 Rc6 46.Rxb3 Bd2 47.Nh5 Bxg5 48.Rb7 Bh6 49.Kg4 Kg6  0-1

[Event "Helsinki We SKF"]
[Site "Helsinki"]
[Date "1993.??.??"]
[Round "?"]
[White "Laine, Panu"]
[Black "Rantanen, Yrjo A"]
[Result "1-0"]
[WhiteElo "2220"]
[BlackElo "2380"]

1.e4 c5 2.Nf3 d6 3.Bb5+ Nd7 4.O-O Nf6 5.Re1 a6 6.Bf1 b5 7.a4 Bb7 8.axb5 axb5
9.Rxa8 Qxa8 10.Bxb5 Bxe4 11.Nc3 Bxf3 12.Qxf3 Qxf3 13.gxf3 Kd8 14.Kg2 Ne8
15.Rd1 Nc7 16.Bf1 g6 17.Ne2 Bg7 18.d4 c4 19.Bd2 Kc8 20.Ba5 Nd5 21.Nc3 N5b6
22.b3 cxb3 23.cxb3 Kb7 24.Na4 Rc8 25.Nxb6 Nxb6 26.Bxb6 Kxb6 27.Bc4 e6 28.d5 e5
29.Ra1 Kb7 30.Ba6+ Kb8 31.Bxc8 Kxc8 32.Ra7  1-0

[Event "Heraklio op"]
[Site "Heraklio"]
[Date "1993.??.??"]
[Round "6"]
[White "Oratovsky, Michael"]
[Black "Georgiev, Krum"]
[Result "0-1"]
[WhiteElo "2420"]
[BlackElo "2475"]

1.e4 c5 2.Nf3 d6 3.Bb5+ Bd7 4.Bxd7+ Nxd7 5.c4 e6 6.Nc3 Ne5 7.Nxe5 dxe5 8.Qa4+ Qd7
9.Nb5 Nf6 10.Nc7+ Kd8 11.Qxd7+ Kxd7 12.Nxa8 Nxe4 13.d3 Nf6 14.Rb1 Be7 15.b4 Rxa8
16.bxc5 Kc6 17.f4 Rd8 18.fxe5 Ng4 19.Ke2 Nxe5 20.Rd1 Bxc5 21.Bb2 Bd4 22.Bxd4 Rxd4
23.Ke3 Rd6 24.h3 Kc7 25.Rd2 f6 26.Rb3 Kc8 27.Rc3 Ra6 28.d4 Ra3 29.Rdd3 Nxd3
30.Rxa3 Nb2 31.Rxa7 Kb8  0-1